00733nam a2200241Ia 45000010006000000050017000060070003000230080041000260400025000670410008000920820017001001000020001172450063001372500014002002600050002143000019002646530026002836530027003096530017003369420012003539520109003659990017004741036320240113235218.0ta170602s1972 ii g b000 u 465 u aCotton College,Assam aeng a330bAl 54 M aAllen, R.G.D. . 0aMathematical Economics /cR.G.D. Allen.hTextual Documents a2nd ed. / aLondon :bMacmillan St Martins Press ,c1972. a812p. ;c22cm. aEconomics-Mathematics aMathematical Economics aMS-Economics 2ddccBK 00104070aSKBLbSKBLd2012-02-01f00000l0o330 Al 54 Mp62261r2024-01-13 00:00:00t1w2012-02-01yBK c10350d10350